000 00612nam a22002297a 4500
001 00028930
005 20260428190354.0
008 260428b ag ||||| |||| 00| 0 spa d
020 _a8441308918
040 _aAR-CcCEOS
_bspa
_cAR-CcCEOS
041 _aspa
080 _a94:7(520)
090 _bWIE v.2
100 1 _aWiencek, Henry
_91143
245 _aLos señores del Japón :
_bVolumen II /
_cHenry Wiencek
264 _aBarcelona :
_bFolio,
_c1998.
300 _a176 p. ;
_c24x18 cm.
490 _vAtlas culturales del mundo
650 0 _ahistoria
_990
655 0 _aarte
_9138
942 _2udc
_cBK
_n0
999 _c28982
_d28982